| 000 | 00688nam a2200217 a 4500 | ||
|---|---|---|---|
| 001 | 000012457 | ||
| 005 | 20200929163027.0 | ||
| 008 | 091112s1973 ck r 001 f spa d | ||
| 040 |
_aDO-SdBNP _bspa _cBNPHU |
||
| 082 |
_aC863.42 _bG643n, 1973 |
||
| 100 | 1 |
_aGonzález, Fernando, _q(Fernando González Ochoa), _929184 |
|
| 245 | 1 | 4 |
_aLos negroides : _bensayo sobre la gran Colombia / _cFernando González. |
| 250 | _a3a ed. | ||
| 260 |
_aMedellín : _bBedout, _c1973. |
||
| 300 |
_a155, [4] p. ; _c19 cm. |
||
| 490 | 1 |
_aBolsilibros Bedout _v67 |
|
| 650 | 4 |
_aNovela colombiana _91243 |
|
| 650 | 4 |
_aLiteratura colombiana _91244 |
|
| 830 | 0 |
_aBolsilibros Bedout ; _v67 _93750 |
|
| 049 | _aBNGR | ||
| 999 |
_c12114 _d12114 |
||